Coreia do Norte... ou Coreia do Sul? - Statistics

Estatísticas Gerais
  • Esse quiz foi jogado 23 412 vezes
    23 410 desde o último reset
  • A pontuação média é 13 de 17
Estatísticas das Respostas
Questão Resposta % Correto
É uma ditatura Coreia do Norte
97%
Possui maior população Coreia do Sul
94%
Possui uma estrela em sua bandeira Coreia do Norte
91%
É mais próxima de Vladivostoque Coreia do Norte
90%
Sua capital começa com a letra S Coreia do Sul
88%
Sediou as Olimpíadas Coreia do Sul
86%
É considerado um país de alta renda Coreia do Sul
83%
Seu território inclui a ilha de Jeju Coreia do Sul
82%
Aproximadamente 25% da população é Cristã Coreia do Sul
80%
Possui armas nucleares Coreia do Norte
77%
Faz fronteira com apenas um país Coreia do Sul
72%
Por vezes conhecida como "Reino Eremita" Coreia do Norte
65%
Foi ocupada pelo Japão entre 1910 e 1945 Ambas
62%
Possui maior área continental Coreia do Norte
62%
Seu nome oficial em Português é "República Popular Democrática da Coreia" Coreia do Norte
62%
Possui um baixíssimo nível de diversidade étnica Ambas
39%
É conhecida por "festivais de massas" com apresentações de mais de 100 mil ginastas e artistas Coreia do Norte
25%
Nenhum quiz correspondente encontrado
Distribuição das Pontuações
Porcentagem de Pessoas com Cada Pontuação
Percentil de Números Respondidos
Sua Pontuação Histórica
Você não jogou esse quiz desde o último reset